| 000 | 00869nam a22001937a 4500 | ||
|---|---|---|---|
| 005 | 20260310075702.0 | ||
| 008 | 130821s1786 sp fr lat | ||
| 040 |
_aCo-BoUCM _bspa _cSandra Yazo (modificó) _dSandra Yazo (modificó) |
||
| 041 | 0 | 0 | _afre |
| 082 |
_aFCS 264 _bI45 _21786 |
||
| 110 |
_aIglesia Católica _93579 |
||
| 245 | 0 | 0 |
_aMissale romanum ex decreto sacrosancti concilii tridentini restitutum, sancti pii papae quinti ; jussu editum, summorum pontificum Clementis octavi et urbani Itidem octavi, Auctoritate recognitum, et novis Missis ex indulto Apostolico hucusque consesiis auctum _cIglesia Católica |
| 260 |
_aMadrid (España) _bTypis Petri Marín _c1786 |
||
| 300 | _a626 páginas | ||
| 500 | _aIncluye suplemento | ||
| 650 | 0 | 4 |
_aLiturgia _918768 |
| 650 | 0 | 4 |
_aOficio divino _920713 |
| 942 |
_cLIBRO _a4 _e1 _mI45 _n0 _2DEWEY _h264 |
||
| 999 |
_c85856 _d85856 |
||